[Event "World Senior Teams +65"]
[Site "Radebeul GER"]
[Date "2016.06.29"]
[Round "4.18"]
[Board "3"]
[White "Zoephel, Heinz"]
[Black "Schrickx, Frank"]
[Result "1/2-1/2"]
[WhiteElo "1990"]
[BlackElo "1920"]
[WhiteTeam "Dresdner Springer"]
[BlackTeam "Belgium 2"]
[WhiteFideId "24647241"]
[BlackFideId "208957"]
[EventDate "2016.06.26"]

1. e4 c6 2. Nf3 d5 3. Nc3 Bg4 4. h3 Bxf3 5. Qxf3 e6 6. exd5 cxd5 7. d4 Nc6 8.
Be3 Nf6 9. O-O-O Rc8 10. Bg5 Be7 11. h4 Qa5 12. Bb5 a6 13. Bxc6+ Rxc6 14. Rd3 b5
15. Bxf6 Bxf6 16. Kb1 b4 17. Ne2 Qc7 18. c3 bxc3 19. Rxc3 Rxc3 20. Qxc3 Qxc3 21.
bxc3 Kd7 22. h5 h6 23. Kc2 Rb8 24. f4 Be7 25. Nc1 Bd6 26. Nd3 Rg8 27. g4 g5 28.
Ne5+ Ke8 29. Rf1 gxf4 30. Rxf4 Bxe5 31. dxe5 Rg5 32. Ra4 Rxe5 33. Rxa6 Re4 34.
Ra8+ Ke7 35. Rh8 Kf6 36. Rg8 Ke5 37. Kb3 f5 38. g5 hxg5 39. Rxg5 Rh4 40. a4 Kf6
41. Rg6+ Kf7 42. Rg5 Kf6 43. Rg6+ Kf7 1/2-1/2

[Event "World Senior Teams +65"]
[Site "Radebeul GER"]
[Date "2016.06.29"]
[Round "4.19"]
[Board "1"]
[White "Kempe, Rainer"]
[Black "Happel, Henk"]
[Result "1/2-1/2"]
[BlackTitle "FM"]
[WhiteElo "2006"]
[BlackElo "2101"]
[WhiteTeam "Stiftung BSW / DBAG III"]
[BlackTeam "Koninklijke DD"]
[WhiteFideId "12975206"]
[BlackFideId "1001078"]
[EventDate "2016.06.26"]

1. e4 e6 2. d4 d5 3. Nc3 Nf6 4. e5 Nfd7 5. Nf3 c5 6. dxc5 Nc6 7. Bf4 Bxc5 8. Qd2
h6 9. h3 Qa5 10. Nb5 Qxd2+ 11. Kxd2 Ke7 12. Bg3 a6 13. Nc3 b5 14. Bd3 Nb6 15. b3
b4 16. Ne2 a5 17. Bb5 Bd7 1/2-1/2

[Event "World Senior Teams +65"]
[Site "Radebeul GER"]
[Date "2016.06.29"]
[Round "4.19"]
[Board "2"]
[White "Dickhoff, Ronald"]
[Black "Ehlert, Joachim"]
[Result "1/2-1/2"]
[WhiteElo "2106"]
[BlackElo "2007"]
[WhiteTeam "Koninklijke DD"]
[BlackTeam "Stiftung BSW / DBAG III"]
[WhiteFideId "1006142"]
[BlackFideId "4698363"]
[EventDate "2016.06.26"]

1. d4 Nf6 2. c4 g6 3. Nc3 Bg7 4. e4 d6 5. Bd3 O-O 6. Nge2 Nc6 7. O-O e5 8. d5
Ne7 9. Rb1 Nh5 10. f3 Nf6 11. b4 a5 12. a3 Nd7 13. Be3 f5 14. c5 f4 15. Bf2 Nf6
16. Nb5 g5 17. Qc2 Ne8 18. Rbc1 c6 19. cxd6 Nxd6 20. Nxd6 Qxd6 21. dxc6 bxc6 22.
Bc5 Qf6 23. Bxe7 Qxe7 24. Qxc6 Qa7+ 25. Qc5 axb4 26. Bc4+ Kh8 27. axb4 g4 28.
Qxa7 Rxa7 29. Nc3 gxf3 30. gxf3 Bh3 1/2-1/2

[Event "World Senior Teams +65"]
[Site "Radebeul GER"]
[Date "2016.06.29"]
[Round "4.19"]
[Board "3"]
[White "Warnke, Eberhard"]
[Black "Olof, Erik"]
[Result "0-1"]
[WhiteElo "1868"]
[BlackElo "1975"]
[WhiteTeam "Stiftung BSW / DBAG III"]
[BlackTeam "Koninklijke DD"]
[WhiteFideId "24677507"]
[BlackFideId "1035762"]
[EventDate "2016.06.26"]

1. d4 f5 2. g3 g6 3. Bg2 Nf6 4. Nf3 Bg7 5. O-O O-O 6. c4 c6 7. Nc3 d6 8. Qc2 Qc7
9. Bd2 Nbd7 10. Rae1 e5 11. dxe5 dxe5 12. e4 Nc5 13. Nh4 Ne6 14. exf5 Nd4 15.
Qb1 Nxf5 16. Nf3 Ng4 17. Ne4 Nd4 18. Nxd4 exd4 19. Bf4 Rxf4 20. gxf4 Qxf4 21.
Ng3 Bf5 22. Qc1 Qc7 23. h3 Bh6 24. Qd1 Nxf2 25. Rxf2 Qxg3 26. Qf3 Qxf3 27. Rxf3
Rd8 28. Bf1 d3 29. Rd1 d2 30. Be2 Bc2 31. Kf2 Bg5 32. Kg3 Re8 33. h4 Rxe2 34.
hxg5 Bxd1 35. Rd3 Bc2 36. Rd8+ Kf7 0-1

[Event "World Senior Teams +65"]
[Site "Radebeul GER"]
[Date "2016.06.29"]
[Round "4.19"]
[Board "4"]
[White "Munninghoff, Alexander"]
[Black "Gabriel, Wolfram"]
[Result "1-0"]
[WhiteElo "1932"]
[BlackElo "1713"]
[WhiteTeam "Koninklijke DD"]
[BlackTeam "Stiftung BSW / DBAG III"]
[WhiteFideId "1012460"]
[BlackFideId "24638285"]
[EventDate "2016.06.26"]

1. c4 Nf6 2. g3 c6 3. Bg2 e5 4. Nc3 d5 5. cxd5 cxd5 6. Qb3 e4 7. d4 Nc6 8. e3
Na5 9. Qc2 Bf5 10. Nge2 Be7 11. O-O O-O 12. h3 h6 13. b3 Rc8 14. Bd2 Nc6 15. a3
Rc7 16. Qb2 a6 17. Rac1 Qc8 18. Nf4 Rd8 19. Kh2 b5 20. Na2 a5 21. Rc2 Qd7 22.
Rfc1 Rdc8 23. b4 a4 24. Bf1 Na7 25. Rxc7 Rxc7 26. Rxc7 Qxc7 27. Nc3 Qc6 28. Qa2
Be6 29. Nxe6 fxe6 30. Qc2 Ne8 31. Qd1 Nd6 32. Qg4 Nf5 33. h4 Kh7 34. h5 Bg5 35.
f4 exf3 36. Bd3 Qd7 37. Qxf3 Kh8 38. Bxf5 exf5 39. Qxd5 Qxd5 40. Nxd5 Bd8 41.
Nc3 Kg8 42. Kg2 Kf7 43. Kf3 Ke6 44. e4 fxe4+ 45. Kxe4 Bc7 46. d5+ Kf6 47. Be3
Be5 48. Bxa7 Bxc3 49. Bd4+ Bxd4 50. Kxd4 Ke7 51. Kc5 Kd7 52. d6 Kd8 53. Kxb5 1-0

[Event "World Senior Teams +65"]
[Site "Radebeul GER"]
[Date "2016.06.29"]
[Round "4.20"]
[Board "1"]
[White "Johansson, Per"]
[Black "Hutchinson, Norman A"]
[Result "0-1"]
[WhiteElo "1935"]
[BlackElo "2061"]
[WhiteTeam "Sweden 3"]
[BlackTeam "England 2"]
[WhiteFideId "1703552"]
[BlackFideId "411540"]
[EventDate "2016.06.26"]

1. d4 Nf6 2. Nf3 e6 3. c4 b6 4. g3 Bb7 5. Bg2 d5 6. O-O Nbd7 7. b3 Bd6 8. Bb2
O-O 9. Nc3 a6 10. e3 Re8 11. Rc1 c6 12. Nd2 Rc8 13. Nf3 dxc4 14. bxc4 e5 15.
Nxe5 Nxe5 16. dxe5 Bxe5 17. Qb3 Qc7 18. Na4 Nd7 19. Bxe5 Rxe5 20. Rb1 b5 21.
cxb5 cxb5 22. Bxb7 Qxb7 23. Nc3 Rec5 24. Ne2 Ne5 25. Nd4 Rc4 26. Rfd1 Qe4 27.
Qb2 h5 28. Rbc1 Qg4 29. Re1 Nd3 30. f3 Qh3 0-1

[Event "World Senior Teams +65"]
[Site "Radebeul GER"]
[Date "2016.06.29"]
[Round "4.20"]
[Board "2"]
[White "Reuben, Stewart"]
[Black "Sandklef, Ake"]
[Result "1-0"]
[WhiteTitle "CM"]
[WhiteElo "2033"]
[BlackElo "1917"]
[WhiteTeam "England 2"]
[BlackTeam "Sweden 3"]
[WhiteFideId "405256"]
[BlackFideId "1708724"]
[EventDate "2016.06.26"]

1. d4 d5 2. c4 c6 3. cxd5 cxd5 4. Nc3 Nf6 5. Nf3 Nc6 6. Bf4 e6 7. e3 Be7 8. Bd3
a6 9. Rc1 O-O 10. O-O g6 11. Ne5 Bd7 12. Qf3 Nxe5 13. Bxe5 Ne8 14. e4 Bc6 15.
exd5 exd5 16. Bc2 Qd7 17. Rfe1 f5 18. Bb3 Rd8 19. Qe3 Rf7 20. a3 Ng7 21. Re2 Ne6
22. f4 Ng7 23. Rce1 Ne8 24. h3 Nf6 25. Qf3 Kf8 26. Kh1 Ne4 27. Rg1 h5 28. Nxe4
dxe4 29. Qg3 Bd5 30. Bxd5 Qxd5 31. Qxg6 h4 32. Rc2 Qb3 33. Rc7 Qxb2 34. d5 Re8
35. Qh6+ 1-0

[Event "World Senior Teams +65"]
[Site "Radebeul GER"]
[Date "2016.06.29"]
[Round "4.20"]
[Board "3"]
[White "Nyberg, Bo"]
[Black "Thynne, Trefor F"]
[Result "1-0"]
[WhiteElo "1899"]
[BlackElo "1988"]
[WhiteTeam "Sweden 3"]
[BlackTeam "England 2"]
[WhiteFideId "1710583"]
[BlackFideId "419893"]
[EventDate "2016.06.26"]

1. d4 Nf6 2. Bf4 d5 3. e3 c5 4. c3 Nc6 5. Nf3 Qb6 6. Qb3 c4 7. Qxb6 axb6 8. Na3
Bf5 9. Nh4 e6 10. Nxf5 exf5 11. Nc2 Kd7 12. Be2 Be7 13. Bg5 Ra5 14. Bxf6 Bxf6
15. O-O Rha8 16. a3 Be7 17. f3 Re8 18. e4 Bd6 19. e5 f4 20. Bxc4 dxc4 21. exd6
Kxd6 22. Rae1 Raa8 23. Re4 Rxe4 24. fxe4 g5 25. g3 Rg8 26. Kh1 fxg3 27. Rxf7
gxh2 28. Kxh2 Nd8 29. Rxh7 Kc6 30. Kg3 Kb5 31. Ne3 Rg6 32. d5 Kc5 33. Rc7+ Kb5
34. Nxc4 Ka4 35. Rd7 Rg8 36. Nd6 Kb3 37. Nxb7 Nxb7 38. Rxb7 Kxb2 39. Rxb6+ Kxc3
40. Kg4 Kd4 41. Re6 Rg7 42. a4 Kc5 43. a5 Kb5 44. a6 Ka5 45. a7 Rxa7 46. Kxg5
Kb5 47. Rc6 Ra1 48. Kf6 Rf1+ 49. Ke6 Re1 50. e5 Rh1 51. Rc2 Rh6+ 52. Kd7 Rh7+
53. Kd6 Rg7 54. e6 1-0

[Event "World Senior Teams +65"]
[Site "Radebeul GER"]
[Date "2016.06.29"]
[Round "4.20"]
[Board "4"]
[White "Mashayekh, Majid"]
[Black "Forslund, Lennart"]
[Result "1/2-1/2"]
[WhiteElo "1922"]
[BlackElo "1856"]
[WhiteTeam "England 2"]
[BlackTeam "Sweden 3"]
[WhiteFideId "406015"]
[BlackFideId "1720473"]
[EventDate "2016.06.26"]

1. Nf3 e6 2. g3 d5 3. d4 f5 4. Bg2 Nf6 5. O-O Be7 6. c4 c6 7. Nbd2 O-O 8. b3 Qe8
9. Ne5 Nbd7 10. Nd3 Bd6 11. Nf3 Ne4 12. Nfe5 Qh5 13. f3 Nef6 14. Bf4 Be7 15. Bd2
g5 16. Qe1 h6 17. Bb4 Bxb4 18. Qxb4 Qe8 19. Rae1 a5 20. Qd2 Nxe5 21. Nxe5 Nd7
22. e4 Nxe5 23. dxe5 dxc4 24. bxc4 Qe7 25. Qd6 Qxd6 26. exd6 fxe4 27. Rxe4 Bd7
28. h4 Kg7 29. Rb1 b5 30. cxb5 cxb5 31. hxg5 hxg5 32. Rg4 Ra6 33. Rd1 Kf6 34. f4
gxf4 35. Rxf4+ Kg7 36. Rg4+ Kf7 37. Be4 Ke8 38. Rg7 b4 39. Rd2 Rb6 40. Kg2 Kd8
41. Rg5 Rb5 42. Rxb5 Bxb5 43. Rb2 Bf1+ 44. Kg1 Kd7 45. a3 bxa3 46. Ra2 Bb5 47.
Rxa3 a4 48. Kg2 Kxd6 49. g4 Rf4 50. Bf3 Rb4 51. g5 Rb3 52. Ra1 a3 53. g6 Ke7 54.
Be4 Bd3 55. Bxd3 Rxd3 56. Rf1 Rd5 57. Rf7+ Ke8 58. Ra7 Rg5+ 59. Kf3 Rxg6 60.
Rxa3 Ke7 61. Kf4 Rf6+ 62. Ke4 Rf5 63. Ra7+ Kf6 64. Ra8 Rh5 65. Rf8+ Ke7 66. Ra8 1/2-1/2

[Event "World Senior Teams +65"]
[Site "Radebeul GER"]
[Date "2016.06.29"]
[Round "4.21"]
[Board "1"]
[White "Fenwick, Hugh F"]
[Black "Nickl, Klaus"]
[Result "1/2-1/2"]
[WhiteElo "1912"]
[BlackElo "2028"]
[WhiteTeam "England 3"]
[BlackTeam "Wien 2"]
[WhiteFideId "408387"]
[BlackFideId "1601024"]
[EventDate "2016.06.26"]

1. c4 Nf6 2. g3 g6 3. Bg2 Bg7 4. Nc3 O-O 5. d3 d6 6. Qb3 Na6 7. Nf3 c6 8. O-O e5
9. Bg5 h6 10. Bd2 Qe7 11. e4 Nd7 12. a3 Ndc5 13. Qc2 Bg4 14. b4 Ne6 15. Qc1 Bxf3
16. Bxf3 Nd4 17. Bd1 Kh7 18. Ra2 Nc7 19. f4 f5 20. exf5 gxf5 21. Be3 Nce6 22.
Ne2 exf4 23. Nxf4 Be5 24. Kg2 Nxf4+ 25. Bxf4 Qg7 26. Raf2 Rf6 27. Kh1 Raf8 28.
Be3 c5 29. Qd2 b6 1/2-1/2

[Event "World Senior Teams +65"]
[Site "Radebeul GER"]
[Date "2016.06.29"]
[Round "4.21"]
[Board "2"]
[White "Eidenberger, Otto"]
[Black "Ewart, Brian R"]
[Result "1-0"]
[WhiteElo "2000"]
[BlackElo "1909"]
[WhiteTeam "Wien 2"]
[BlackTeam "England 3"]
[WhiteFideId "1621874"]
[BlackFideId "415065"]
[EventDate "2016.06.26"]

1. e4 c5 2. Nf3 Nc6 3. d4 cxd4 4. Nxd4 Nf6 5. Nc3 d6 6. Bc4 e6 7. O-O Be7 8. Be3
O-O 9. Bd3 a6 10. f4 Qc7 11. Qf3 Nxd4 12. Bxd4 e5 13. Be3 exf4 14. Qxf4 Be6 15.
Rad1 Ng4 16. Nd5 Bxd5 17. Qxg4 Be6 18. Qg3 Rac8 19. b3 b5 20. Bh6 Qc5+ 21. Kh1
Qe5 22. Bf4 Qh5 23. Bxd6 Bxd6 24. Qxd6 a5 25. Rd2 Rfd8 26. Qf4 Rd4 27. Qe3 Rcd8
28. Rdf2 a4 29. Be2 Qe5 30. Qf3 axb3 31. axb3 f6 32. Qg3 Qxg3 33. hxg3 b4 34.
Bf3 Rc8 35. Re1 Rc5 36. Kh2 Re5 37. g4 Bc8 38. Kg3 g5 39. Rfe2 Bb7 40. Kf2 Ba6
41. Ke3 Rd6 42. Rd2 Rxd2 43. Kxd2 Rc5 44. Ra1 Bb7 45. Ra7 Rb5 46. Be2 Rb6 47.
Ke3 Kf8 48. Bc4 Ke8 49. Bd5 Bc8 50. Kf3 Bd7 51. Ra8+ Ke7 52. Rh8 Ra6 53. Bc4 Ra2
54. Bd3 Kd6 55. Rxh7 Be6 56. Rb7 Kc5 57. Rb5+ Kd4 58. Rxb4+ Kc5 59. Rb8 Ra1 60.
Rf8 Rd1 61. Rxf6 Bxb3 62. Rf5+ Kd4 63. Rxg5 Rd2 64. g3 Bxc2 65. Rd5+ Kc3 66.
Bxc2 1-0

[Event "World Senior Teams +65"]
[Site "Radebeul GER"]
[Date "2016.06.29"]
[Round "4.21"]
[Board "3"]
[White "Scowen, Roger S"]
[Black "Karlstoetter, Kurt"]
[Result "1-0"]
[WhiteElo "1849"]
[BlackElo "1848"]
[WhiteTeam "England 3"]
[BlackTeam "Wien 2"]
[WhiteFideId "418293"]
[BlackFideId "1642863"]
[EventDate "2016.06.26"]

1. e4 e5 2. Nf3 Nc6 3. Bb5 Nf6 4. d3 Bc5 5. c3 O-O 6. O-O d6 7. Bg5 Bd7 8. b4
Bb6 9. a4 a5 10. Bxc6 Bxc6 11. b5 Bd7 12. c4 Bg4 13. h3 Bh5 14. g4 Bg6 15. Nc3
c6 16. Rb1 Rb8 17. d4 h6 18. Bh4 Qc7 19. Bxf6 gxf6 20. Qc1 exd4 21. Ne2 Bxe4 22.
Qxh6 Bxf3 23. Ng3 f5 24. Qg5+ Kh7 25. Qxf5+ Kg7 26. Nh5+ 1-0

[Event "World Senior Teams +65"]
[Site "Radebeul GER"]
[Date "2016.06.29"]
[Round "4.21"]
[Board "4"]
[White "Prochaska, Juergen"]
[Black "Emerton, Keith"]
[Result "1-0"]
[WhiteElo "1887"]
[BlackElo "1789"]
[WhiteTeam "Wien 2"]
[BlackTeam "England 3"]
[WhiteFideId "1601806"]
[BlackFideId "447072"]
[EventDate "2016.06.26"]

1. e4 d6 2. d4 Nf6 3. Nc3 g6 4. f4 Bg7 5. Be2 O-O 6. e5 Ne8 7. Be3 c5 8. dxc5
Nc6 9. Nf3 dxe5 10. Qxd8 Nxd8 11. fxe5 Nc6 12. O-O-O Nxe5 13. Nxe5 Bxe5 14. Nd5
Bf6 15. Bh6 Ng7 16. Nxf6+ exf6 17. Bf3 a5 18. Rhe1 Ra6 19. Re7 Re6 20. Rc7 b6
21. Bd5 Re5 22. Bxf7+ Rxf7 23. Rxc8+ Ne8 24. Bf4 Rxc5 25. Rxe8+ Kg7 26. Be3 Rc6
27. Rb8 Re7 28. Rd3 Ree6 29. Rb7+ Kf8 30. Rd8+ 1-0

[Event "World Senior Teams +65"]
[Site "Radebeul GER"]
[Date "2016.06.29"]
[Round "4.22"]
[Board "1"]
[White "Schroeter, Helmut"]
[Black "Schnaitmann, Herbert"]
[Result "0-1"]
[WhiteElo "2073"]
[BlackElo "1975"]
[WhiteTeam "TuR Dresden"]
[BlackTeam "Randbauern"]
[WhiteFideId "24631779"]
[BlackFideId "12916277"]
[EventDate "2016.06.26"]

1. e4 Nc6 2. d4 d5 3. exd5 Qxd5 4. Be3 e5 5. Nc3 Bb4 6. Nf3 Bg4 7. Be2 Qa5 8.
O-O O-O-O 9. Ng5 Bxe2 10. Nxe2 Nh6 11. c3 Be7 12. Qb3 exd4 13. Nxf7 Nxf7 14.
Nxd4 Nfe5 15. Qe6+ Kb8 16. Rfd1 Bf6 17. b4 Nxd4 18. Bxd4 Qa6 19. Qb3 Rhe8 20. b5
Qe6 21. Qa4 b6 22. Qc2 Ng6 23. a4 Bxd4 24. cxd4 Rxd4 25. Rdc1 Re7 26. g3 Ne5 27.
Qxh7 Qd5 28. Qh8+ Kb7 29. a5 bxa5 30. Rxa5 Nf3+ 31. Kf1 Rd1+ 32. Rxd1 Qxd1+ 33.
Kg2 Ne1+ 34. Kh3 Qd7+ 35. g4 Qd3+ 36. Kh4 Ng2+ 0-1

[Event "World Senior Teams +65"]
[Site "Radebeul GER"]
[Date "2016.06.29"]
[Round "4.22"]
[Board "2"]
[White "Wenske, Hardy"]
[Black "Eichner, Christian"]
[Result "0-1"]
[WhiteElo "1823"]
[BlackElo "2068"]
[WhiteTeam "Randbauern"]
[BlackTeam "TuR Dresden"]
[WhiteFideId "24611212"]
[BlackFideId "24666580"]
[EventDate "2016.06.26"]

1. Nf3 f5 2. d3 d6 3. e4 e5 4. Bg5 Be7 5. Bxe7 Qxe7 6. Nc3 Nf6 7. Be2 O-O 8. Qd2
c5 9. h3 Nc6 10. exf5 Bxf5 11. g4 e4 12. Nh4 Be6 13. g5 Nd5 14. Nxe4 Nf4 15.
O-O-O d5 16. Ng3 Qxg5 17. Nf3 Nxe2+ 18. Nxe2 Qxd2+ 19. Nxd2 Rxf2 20. Rde1 Re8
21. Nc3 Nd4 22. Re3 Ref8 23. Rhe1 Rh2 24. Nd1 Bxh3 25. c3 Nc6 26. Nf3 d4 27.
Nxh2 dxe3 28. Rxe3 Bd7 29. Kd2 g5 30. Rg3 h6 31. Ke2 Kh7 32. Nf2 Bf5 33. Re3 h5
34. Ne4 Bxe4 35. Rxe4 Rf5 36. Nf3 g4 37. Nh4 Re5 38. Ke3 Rxe4+ 39. Kxe4 Kh6 40.
Kf4 Ne7 41. d4 cxd4 42. cxd4 Ng6+ 43. Ke4 Nxh4 44. d5 Ng6 45. d6 Nf8 0-1

[Event "World Senior Teams +65"]
[Site "Radebeul GER"]
[Date "2016.06.29"]
[Round "4.22"]
[Board "3"]
[White "Seibt, Manfred"]
[Black "Briesemeister, Klaus"]
[Result "1/2-1/2"]
[WhiteElo "1987"]
[BlackElo "1756"]
[WhiteTeam "TuR Dresden"]
[BlackTeam "Randbauern"]
[WhiteFideId "24639869"]
[BlackFideId "24631035"]
[EventDate "2016.06.26"]

1. d4 f5 2. Nf3 Nf6 3. g3 g6 4. Bg2 Bg7 5. c4 d6 6. Nc3 O-O 7. O-O Qe8 8. Bd2 e5
9. dxe5 dxe5 10. e3 c6 11. Qb3 Qe7 12. Ne2 Na6 13. Rac1 c5 14. a3 Ne4 15. Nc3
Nxd2 1/2-1/2

[Event "World Senior Teams +65"]
[Site "Radebeul GER"]
[Date "2016.06.29"]
[Round "4.23"]
[Board "1"]
[White "Kristiansen, Erling"]
[Black "Niebuhr, Gerd"]
[Result "1-0"]
[WhiteTitle "FM"]
[WhiteElo "2147"]
[BlackElo "1931"]
[WhiteTeam "Norway Veteran"]
[BlackTeam "Freibauer Niedersachsen"]
[WhiteFideId "1500244"]
[BlackFideId "24616443"]
[EventDate "2016.06.26"]

1. d4 Nf6 2. c4 e6 3. Bg5 c5 4. d5 exd5 5. cxd5 d6 6. Nc3 g6 7. Nf3 Bg7 8. Qd2
O-O 9. e3 a6 10. a4 Qa5 11. Ra3 Bg4 12. Be2 Nbd7 13. O-O Rfe8 14. Rd1 Qb4 15.
Bf4 Bxf3 16. gxf3 Ne5 17. Qc2 c4 18. a5 Nh5 19. Ra4 Qb3 20. Qxb3 cxb3 21. Bxe5
Bxe5 22. Rb4 Re7 23. Rxb3 Rc8 24. Na4 f5 25. Bd3 f4 26. e4 Nf6 27. Rb6 Rec7 28.
Kf1 Nd7 29. Rb4 Nc5 30. Nb6 Nxd3 31. Rxd3 Rc1+ 32. Ke2 R8c7 33. b3 R1c2+ 34. Kf1
Bc3 35. Ra4 Rc1+ 36. Kg2 Kf7 37. Nc4 Ke7 38. e5 1-0

[Event "World Senior Teams +65"]
[Site "Radebeul GER"]
[Date "2016.06.29"]
[Round "4.23"]
[Board "2"]
[White "Juergens, Peter2"]
[Black "Ofstad, Per"]
[Result "1/2-1/2"]
[WhiteElo "1938"]
[BlackElo "2139"]
[WhiteTeam "Freibauer Niedersachsen"]
[BlackTeam "Norway Veteran"]
[WhiteFideId "4694694"]
[BlackFideId "1500708"]
[EventDate "2016.06.26"]

1. d4 d5 2. Bf4 Nf6 3. e3 Bf5 4. c4 c6 5. Nc3 e6 6. Qb3 Qb6 7. c5 Qxb3 8. axb3
Nbd7 9. Nf3 Be7 10. b4 Ne4 11. h3 f6 12. g4 1/2-1/2

[Event "World Senior Teams +65"]
[Site "Radebeul GER"]
[Date "2016.06.29"]
[Round "4.23"]
[Board "3"]
[White "Henrichsen, Erland"]
[Black "Hellwege, Werner"]
[Result "1-0"]
[WhiteElo "1943"]
[BlackElo "1895"]
[WhiteTeam "Norway Veteran"]
[BlackTeam "Freibauer Niedersachsen"]
[WhiteFideId "1512722"]
[BlackFideId "4661460"]
[EventDate "2016.06.26"]

1. d4 d5 2. Nf3 e6 3. c4 Be7 4. g3 Nf6 5. Bg2 O-O 6. O-O Nbd7 7. cxd5 exd5 8.
Bf4 Ne4 9. Nc3 Ndf6 10. Qb3 c6 11. Rad1 Nh5 12. Be3 f5 13. Ne5 Nxc3 14. bxc3 f4
15. Bc1 g5 16. c4 dxc4 17. Qxc4+ Kg7 18. d5 Qd6 19. Bb2 Bf6 20. dxc6 Qe7 21.
cxb7 Bxb7 22. Bxb7 Bxe5 23. Bxe5+ Qxe5 24. Bxa8 Rxa8 25. Rd7+ Kh8 26. Qf7 Ng7
27. Rxa7 Rg8 28. Re7 Qd4 29. e3 Qd3 30. exf4 g4 31. Qf6 Qb5 32. Rd1 1-0

[Event "World Senior Teams +65"]
[Site "Radebeul GER"]
[Date "2016.06.29"]
[Round "4.23"]
[Board "4"]
[White "Nagorni, Walter"]
[Black "Hellem, Gunnar"]
[Result "1-0"]
[WhiteElo "1982"]
[BlackElo "1627"]
[WhiteTeam "Freibauer Niedersachsen"]
[BlackTeam "Norway Veteran"]
[WhiteFideId "4666593"]
[BlackFideId "1514164"]
[EventDate "2016.06.26"]

1. Nf3 Nf6 2. d4 d5 3. g3 c6 4. Bg2 h6 5. O-O Bf5 6. c4 e6 7. Qb3 Qc7 8. Bf4 Qb6
9. Nc3 Qxb3 10. axb3 Bc2 11. Nd2 Bb4 12. Rfc1 Bg6 13. cxd5 exd5 14. e4 dxe4 15.
Re1 O-O 16. Ndxe4 Nxe4 17. Bxe4 Bxe4 18. Rxe4 Nd7 19. d5 Nf6 20. Rxb4 1-0

[Event "World Senior Teams +65"]
[Site "Radebeul GER"]
[Date "2016.06.29"]
[Round "4.24"]
[Board "1"]
[White "Ritter, Fred"]
[Black "Taksrud, Vidar"]
[Result "0-1"]
[WhiteElo "1844"]
[BlackElo "1979"]
[WhiteTeam "BSV Chemie Radebeul"]
[BlackTeam "Norway 3"]
[WhiteFideId "12975427"]
[BlackFideId "1502158"]
[EventDate "2016.06.26"]

1. e4 Nf6 2. e5 Nd5 3. d4 d6 4. c4 Nb6 5. f4 dxe5 6. fxe5 Nc6 7. Be3 Bf5 8. Nc3
e6 9. Nf3 Bb4 10. Bd3 Bxd3 11. Qxd3 Na5 12. b3 c5 13. O-O cxd4 14. Bxd4 Nc6 15.
Rad1 Nxd4 16. Nxd4 Nd7 17. Nf3 Bxc3 18. Qxc3 Qc7 19. Rf2 O-O 20. b4 a5 21. a3
Nb6 22. Rc1 axb4 23. axb4 Ra4 24. Re2 Rfa8 25. Nd4 Qe7 26. Nc2 Qh4 27. Ne3 Ra3
28. Qd2 Rd8 29. Qc2 Qd4 30. Rd1 Ra1 31. Rxa1 Qxa1+ 32. Kf2 Qxe5 33. g3 Qd4 34.
Kf3 h5 35. b5 Nd7 36. Rd2 Qf6+ 37. Kg2 Nc5 38. Rf2 Qd4 39. Qe2 Nd3 40. Rf3 Qe4
41. Kf1 Ne5 0-1

[Event "World Senior Teams +65"]
[Site "Radebeul GER"]
[Date "2016.06.29"]
[Round "4.24"]
[Board "2"]
[White "Nordby, Bernt"]
[Black "Werner, Helmut"]
[Result "1-0"]
[WhiteElo "2017"]
[BlackElo "1913"]
[WhiteTeam "Norway 3"]
[BlackTeam "BSV Chemie Radebeul"]
[WhiteFideId "1500694"]
[BlackFideId "16203348"]
[EventDate "2016.06.26"]

1. d4 d5 2. Nf3 Nf6 3. c4 c6 4. e3 e6 5. Nbd2 dxc4 6. Nxc4 Nbd7 7. Bd3 Be7 8.
O-O c5 9. Qe2 Qc7 10. a4 b6 11. e4 Bb7 12. Bg5 h6 13. Bh4 Qd8 14. e5 Bxf3 15.
Qxf3 g5 16. exf6 Nxf6 17. Bg3 Nd5 18. Ne5 O-O 19. Qh5 1-0

[Event "World Senior Teams +65"]
[Site "Radebeul GER"]
[Date "2016.06.29"]
[Round "4.24"]
[Board "3"]
[White "Fitzner, Hans"]
[Black "Zakariassen, Tom"]
[Result "0-1"]
[WhiteElo "1356"]
[BlackElo "1797"]
[WhiteTeam "BSV Chemie Radebeul"]
[BlackTeam "Norway 3"]
[WhiteFideId "12998575"]
[BlackFideId "1513753"]
[EventDate "2016.06.26"]

1. d4 Nf6 2. c4 e6 3. Nc3 c5 4. Nf3 cxd4 5. Nxd4 Nc6 6. Nf3 Be7 7. Bg5 O-O 8. e3
a6 9. a3 h6 10. Bf4 d6 11. h3 e5 12. Bh2 Be6 13. e4 Qa5 14. Bd3 Rfc8 15. O-O Na7
16. Nd2 b5 17. b4 Qb6 18. Nd5 Bxd5 19. cxd5 Rc3 20. Qe2 Qd4 21. Bb1 Rac8 22. Bg3
Rxg3 23. Nf3 Rxf3 24. Qxf3 Qxa1 25. Qe3 Qd4 26. Qf3 Rc3 27. Qf5 g6 0-1

[Event "World Senior Teams +65"]
[Site "Radebeul GER"]
[Date "2016.06.29"]
[Round "4.25"]
[Board "3"]
[White "Gafke, Manfred"]
[Black "Aroua, Ahmed"]
[Result "1/2-1/2"]
[WhiteElo "1816"]
[BlackElo "1516"]
[WhiteTeam "Dresdner Seniorenklub"]
[BlackTeam "Tunisia"]
[WhiteFideId "24602493"]
[BlackFideId "5502497"]
[EventDate "2016.06.26"]

1. d4 Nf6 2. Bf4 g6 3. e3 Bg7 4. Nf3 c5 5. c3 O-O 6. dxc5 Ne4 7. Bc4 Nc6 8. h3
Nxc5 9. O-O d6 10. Nbd2 d5 11. Be2 Bf5 12. Nb3 Ne4 13. Nh4 Bc8 14. Nf3 e5 15.
Bh2 Be6 16. Nfd2 Ng5 17. Nf3 e4 18. Nfd4 Nxh3+ 19. gxh3 Bxh3 20. Re1 Qg5+ 21.
Bg3 Be5 22. Kh2 Qh4 23. Bxe5 Nxe5 24. Rh1 h5 25. Qe1 Ng4+ 26. Bxg4 Bxg4+ 27. Kg1
Qg5 28. Kf1 h4 29. Nd2 h3 1/2-1/2